000 01063nam a2200277Ia 4500
003 GCL
008 140319s9999 xx 000 0 ara d
020 _a9224405977
040 _aGCL /
_cGCL
082 0 4 _a616.8
_bم ا
100 1 _aمحمد حسن غانم
245 1 0 _aالاضطرابات النفسية والعقلية والسلوكية :
_bالوبائيات - التعريف - محكات التشخيص - الاسباب - العلاج - المآل والمسار /
_cمحمد حسن غانم
260 _aالقاهرة :
_bمكتبة الانجلوالمصرية ،
_c2006
300 _a388 ص ؛
_c24 سم
650 0 4 _aاضطراب السلوك
650 0 4 _aالقلق
650 0 4 _aالامراض النفسية
650 0 4 _aالاكتئاب النفسى
650 0 4 _aالاضطراب الجنسى
650 0 4 _aالتوتر
650 0 4 _aالاضطرابات العصبية
650 0 4 _aالتغذية - امراض
650 0 4 _aالوسواس القهرى
650 0 4 _aالتغذية - اضطرابات
942 _2ddc
_cBK
999 _c9800
_d9800